Methods in molecular biophysics: structure, dynamics, function
Enregistré dans:
| Auteurs principaux: | , , |
|---|---|
| Format: | Livre |
| Langue: | anglais |
| Publié: |
Cambridge
Cambridge University Press
2007
|
| Édition: | 1a. ed |
| Sujets: | |
| Tags: |
Ajouter un tag
Pas de tags, Soyez le premier à ajouter un tag!
|
MARC
| LEADER | 00000cam a2200000 a 4500 | ||
|---|---|---|---|
| 001 | UCD2632 | ||
| 003 | CL-VaPUC | ||
| 008 | 160505e20070000uk |||||||||||||||||eng|d | ||
| 020 | |a 9780521815246 | ||
| 082 | 0 | 4 | |a 571.4 |b SER |2 21 |
| 100 | 0 | |a Serdyuk, Igor N |e author |9 585980 | |
| 700 | 0 | |a Zaccai, Nathan R |e author |9 585981 | |
| 700 | 0 | |a Zaccai, Joseph |e author |9 585982 | |
| 245 | 1 | 0 | |a Methods in molecular biophysics: structure, dynamics, function |
| 250 | |a 1a. ed | ||
| 300 | |a 1120 p | ||
| 942 | |c BK | ||
| 945 | |d 20160505 16:04:00 |a cmena | ||
| 260 | |a Cambridge |b Cambridge University Press |c 2007 | ||
| 650 | 0 | |a Biofísica |9 271309 | |
| 650 | 0 | |a Biología molecular |9 269677 | |
| 583 | |a last modification |c 20160505 16:04:00 |k Rodrigo Vera | ||
| 999 | |c 363754 |d 363752 | ||
| 952 | |0 0 |1 0 |3 erd |4 0 |6 571_400000000000000_SER_2007 |7 0 |8 A |9 476437 |a BIBCUR |b BIBCUR |i 5285879 |o 571.4 SER 2007 |p 5285879 |r 2025-04-22 |w 2019-11-24 |y BK |z Catalogado en:20160505 |k QUI | ||